000 00590nam a2200229Ia 4500
003 OSt
005 20221007081812.0
006 a|||||r|||| 00| 0
007 ta
008 221006b |||||||| |||| 00| 0 eng d
024 _a21,672
037 _cTextual
040 _aFLL
_cFLL
_beng
041 _2eng
_aeng
082 _aZ2:805q, G0
100 _aMajumdar S. K.
245 0 _aCode of criminal procedure
260 _aPatna
_bGirja Bhushan India
_c1930
300 _a448,6p
_ccm.
942 _hZ2:805q, G0
_cTEXL
_2CC
999 _c1164318
_d1164318